Reverse Dictionary #92 - Statistics

General Stats
  • This quiz has been taken 29 times
  • The average score is 16 of 25
Answer Stats
Definition First
Letter
Word % Correct
Not in danger; out of harm's reach. S safe
100%
Panthera tigris, a large predatory mammal of the cat family, indigenous to Asia. T tiger
100%
Unable to remember things well. F forgetful
93%
1. A hollow place or cavity; an excavation; a pit; a dent; a depression; a fissure.2. An opening that goes all the way through a solid body, a fabric, etc.; a perforation; a rent. H hole
93%
A set amount of travelling, seen as a single unit; a discrete trip, a voyage. J journey
93%
To give away something of value to support or contribute towards a cause or for the benefit of another. D donate
85%
A mass of stone projecting out of the ground or water. R rock
81%
A long, often knitted, garment worn around the neck. S scarf
81%
A domesticated subspecies of red junglefowl (Gallus gallus domesticus), especially so-called when young; or, the meat from this birds eaten as food. C chicken
74%
A type of glove or garment that covers a hand with a separate sheath for the thumb, but not for other fingers, which are either enclosed in a single section or left uncovered. M mitten
74%
To transfer goods or provide services in exchange for money. S sell
74%
A small thin branch of a tree or bush. T twig
74%
1. Attentive to potential danger, error or harm; cautious.2. Conscientious and painstaking; meticulous. C careful
70%
1. A place or location.2. A post of employment; a job. 3. A status or rank. 4. An opinion, stand or stance. P position
67%
Requiring someone or something for financial, emotional, or other support. D dependent
59%
A quick breaking or cracking sound or the action of producing such a sound. S snap
59%
First-rate; of the highest quality; exceptionally good. S superb
59%
Shy; not liking to be noticed; socially timid. B bashful
56%
1. (formal) To take part in an activity; to participate.2. (formal) To take a share or portion. [with of or in] P partake
37%
To grip or clasp tightly. C clutch
33%
To intrude unrightfully on someone else’s rights or territory. E encroach
33%
Of, relating to, or by means of the application of rituals or actions, especially those based on occult knowledge, to subdue or manipulate natural or supernatural beings and forces in order to have some benefit from them. M magical
26%
To separate into parts with force or sudden violence; to rip or split; to burst. R rend
22%
(especially of a person) Serving one's own interests in an unemotional, analytical manner. C calculating
19%
Constantly moving, especially with small, undirected movements. W wiggly
7%
No matching quizzes found
Score Distribution
Percent of People with Each Score
Percentile by Number Answered
Your Score History
You have not taken this quiz